000 00607nam a2200241Ia 4500
003 OSt
005 20220928144959.0
006 a|||||r|||| 00| 0
007 ta
008 220927b |||||||| |||| 00| 0 eng d
024 _a77761
037 _cTextual
040 _aSDCL
_cSDCL
_beng
041 _2eng
_aeng
082 _aX:72, KO
100 _aDernburg Thomas F
_9510890
245 0 _aMacro- economics.
250 _a2
260 _c1960
700 _a Mc Dougall Duncan M
_9510891
942 _hX:72, KO
_cTEXL
_2CC
999 _c831083
_d831083